The 7 seven habits of highly effective people : (Record no. 4591)
[ view plain ]
| 000 -LEADER | |
|---|---|
| fixed length control field | 00539nam a2200193Ia 4500 |
| 001 - CONTROL NUMBER | |
| control field | 4424 |
| 005 - DATE AND TIME OF LATEST TRANSACTION | |
| control field | 20201001090224.0 |
| 008 - FIXED-LENGTH DATA ELEMENTS--GENERAL INFORMATION | |
| fixed length control field | 140318s9999 xx 000 0 und d |
| 020 ## - INTERNATIONAL STANDARD BOOK NUMBER | |
| International Standard Book Number | 0-671-71117-2 |
| 040 ## - CATALOGING SOURCE | |
| Transcribing agency | PK-LaUMT |
| 082 ## - DEWEY DECIMAL CLASSIFICATION NUMBER | |
| Classification number | 158.1 |
| Item number | COV-S |
| 100 ## - MAIN ENTRY--PERSONAL NAME | |
| Personal name | Covey, Stephen R. |
| 245 #4 - TITLE STATEMENT | |
| Title | The 7 seven habits of highly effective people : |
| Remainder of title | powerful lessons in personal change / |
| Statement of responsibility, etc | by Stephen R. Covey |
| 260 ## - PUBLICATION, DISTRIBUTION, ETC. (IMPRINT) | |
| Place of publication, distribution, etc | London,UK: |
| Name of publisher, distributor, etc | Simon & Schuster, |
| Date of publication, distribution, etc | 1989 |
| 300 ## - PHYSICAL DESCRIPTION | |
| Extent | 358 p. |
| 546 ## - LANGUAGE NOTE | |
| Language note | EN |
| 650 ## - SUBJECT ADDED ENTRY--TOPICAL TERM | |
| Topical term or geographic name as entry element | Conduct of life |
| 942 ## - ADDED ENTRY ELEMENTS (KOHA) | |
| Koha item type | Books |
| Withdrawn status | Lost status | Damaged status | Home library | Current library | Date acquired | Full call number | Barcode | Date last seen | Price effective from | Koha item type |
|---|---|---|---|---|---|---|---|---|---|---|
| UMT Main Campus | UMT Main Campus | 2014-03-18 | 158.1 COV-S | 2795 | 2026-04-21 | 2014-03-18 | Books | |||
| UMT Main Campus | UMT Main Campus | 2014-05-30 | 158.1 COV-S | 6664 | 2019-11-07 | 2014-05-30 | Books | |||
| UMT Main Campus | UMT Main Campus | 2014-05-30 | 158.1 COV-S | 6665 | 2019-12-19 | 2014-05-30 | Books | |||
| UMT Main Campus | UMT Main Campus | 2014-05-30 | 158.1 COV-S | 6667 | 2019-11-25 | 2014-05-30 | Books | |||
| UMT Main Campus | UMT Main Campus | 2014-05-30 | 158.1 COV-S | 9632 | 2026-02-14 | 2014-05-30 | Books | |||
| UMT Main Campus | UMT Main Campus | 2014-05-30 | 158.1 COV-S | 24769 | 2019-11-27 | 2014-05-30 | Books | |||
| Lost and Paid For | UMT Main Campus | UMT Main Campus | 2014-05-30 | 158.1 COV-S | 27644 | 2020-07-28 | 2014-05-30 | Books | ||
| UMT Main Campus | UMT Main Campus | 2014-05-30 | 158.1 COV-S | 28285 | 2014-05-30 | 2014-05-30 | Books |
